|
|
|
|
| LEADER |
01052aam a22002538a 4500 |
| 001 |
00028595 |
| 005 |
20171026081025.0 |
| 008 |
120329s2011 ||||||viesd |
| 020 |
|
|
|c 29000
|
| 041 |
0 |
# |
|a vie
|
| 082 |
1 |
4 |
|a 153.6
|b GI108TR
|
| 245 |
1 |
0 |
|c Huỳnh Văn Sơn chủ biên...[và nh. ng. khác]
|a Giáo trình tâm lý học giao tiếp
|
| 260 |
# |
# |
|a Tp. Hồ Chí Minh
|b Đại học Sư phạm Tp. Hồ Chí Minh
|c 2011
|
| 300 |
# |
# |
|a 204tr.
|c 24cm
|
| 650 |
# |
4 |
|a Tâm lý học
|v giáo trình
|
| 653 |
# |
# |
|a Giao tiếp
|
| 653 |
# |
# |
|a Tâm lý học giao tiếp
|
| 700 |
1 |
# |
|a Huỳnh, Văn Sơn
|e chủ biên
|
| 852 |
# |
# |
|b Kho giáo trình
|j KGT.0034239, KGT.0034240, KGT.0034241, KGT.0034242, KGT.0034243, KGT.0034244
|
| 852 |
# |
# |
|b Kho mượn
|j KGT.0034239
|
| 852 |
# |
# |
|b Kho đọc
|j KD.0013332
|
| 852 |
# |
# |
|j KGT.0034239
|j KGT.0034240
|j KGT.0034244
|j KGT.0034242
|j KGT.0034243
|j KD.0013332
|j KGT.0034241
|
| 910 |
|
|
|d 29/03/2012
|
| 980 |
# |
# |
|a Trung tâm Học liệu Lê Vũ Hùng, Trường Đại học Đồng Tháp
|